| 000 | 00357nam a2200121Ia 4500 | ||
|---|---|---|---|
| 008 | 190216s9999||||xx |||||||||||||| ||und|| | ||
| 100 | _a"Murray.R.Spegel,Ph.D,Seynour Lipschutz,Ph.D,Dennis Spellman,Ph.D" | ||
| 245 | 0 | _aComplex Variables | |
| 260 |
_bTata Mcgraw-Hill Education Private Limited _c2010 |
||
| 300 | _a408 | ||
| 650 | _aMathematics | ||
| 942 | _cBK | ||
| 999 |
_c32367 _d32367 |
||